000 00763nam a22002417a 4500
005 20250522113706.0
008 250522b |||||||| |||| 00| 0 eng d
020 _a978-93-90981-56-4 (pbk)
037 _cTB
040 _aCRL
_cCRL
041 _2eng
_aeng
084 _aQ2:4198 R3
_qCRL
100 _aSambhus, Varada
_9810301
245 _aVari pilgrimage:
_bBhakti, being and beyond
260 _aNew Delhi, India:
_bIndus Scrolls Press.
_c2023.
300 _aliii, 333p.
365 _b599.00
_cINR
650 _aReligion
650 _aHinduism
650 _aPilgaimage
_9810302
942 _2CC
_cTB
_hQ2:4198 R3
_n0
999 _c1430887
_d1430887